[Event "7th United Insurance"]
[Site "Dhaka BAN"]
[Date "2004.05.09"]
[Round "3"]
[White "Thapa,K"]
[Black "Grower,S"]
[Result "1-0"]
[WhiteElo "2126"]
[BlackElo "1957"]

1.d4 d5 2.c4 e6 3.g3 Nf6 4.Bg2 Be7 5.Nf3 O-O 6.O-O dxc4 7.Qc2 a6 8.Qxc4 b5
9.Qc2 Bb7 10.Bd2 Nbd7 11.Ba5 Rc8 12.Nbd2 Qe8 13.b4 Bd6 14.Rfe1 Qe7 15.a3 Ba8
16.Rac1 Ne8 17.Ne4 f5 18.Nxd6 Qxd6 19.e3 Be4 20.Qc3 Qd5 21.Nh4 g5 22.Bxe4 fxe4
23.Ng2 c6 24.Qc2 Nd6 25.Qe2 Nc4 26.h4 h6 27.a4 Kg7 28.Rf1 Qf5 29.Kh2 Nf6
30.Rc2 Ng4+ 31.Kg1 e5 32.Rxc4 bxc4 33.Bb6 exd4 34.Bxd4+ Ne5 35.Qxc4 Kh7 36.Bxe5 Qxe5
37.Qxa6 Qe6 38.b5 Ra8 39.Qb7+ Kh8 40.bxc6 Rfb8 41.Qc7 Rc8 42.Qb6 Qxc6 43.Qd4+ Kh7
44.Qe5 Rg8 45.Rd1 Qe8 46.Qf5+ Qg6 47.Qe5 Rg7 48.Rd6 Qe8 49.Qf5+ Kg8 50.a5 Raa7
51.Rxh6 Raf7 52.Qd5 Qe7 53.Re6 Qd7 54.Qa8+ Rf8 55.Qxe4 Qd2 56.f4 gxf4 57.exf4 Qxa5
58.Rg6 Qa1+ 59.Kh2 Rxg6 60.Qxg6+ Qg7 61.Qxg7+ Kxg7 62.Kh3 Ra8 63.Kg4 Kf6
64.Ne3 Rg8+ 65.Kf3 Rh8 66.Ng2 Ra8 67.g4 Ra4 68.Ne3 Rd4 69.h5 Ra4 70.g5+ Kg7
71.Kg4 Re4 72.Nf5+ Kh8 73.g6 Kg8 74.Kg5 Ra4 75.h6 Ra5 76.Kg4 Ra6 77.Ne7+  1-0

[Event "7th United Insurance"]
[Site "Dhaka BAN"]
[Date "2004.05.13"]
[Round "9"]
[White "Roktim,B"]
[Black "Abdul,Mal"]
[Result "1-0"]
[WhiteElo "2359"]
[BlackElo "2243"]

1.Nf3 Nf6 2.c4 e6 3.g3 d5 4.d4 Be7 5.Bg2 O-O 6.O-O dxc4 7.Qc2 a6 8.a4 Bd7
9.Qxc4 Bc6 10.Bg5 Bd5 11.Qd3 Nbd7 12.Nc3 Bc6 13.Rfd1 h6 14.Bxf6 Nxf6 15.e4 Bb4
16.Ne5 Be8 17.Qc4 Qe7 18.Nd3 Bxc3 19.bxc3 Bc6 20.d5 exd5 21.exd5 Be8 22.Nc5 b6
23.d6 cxd6 24.Bxa8 dxc5 25.Qxa6 Qe6 26.a5 Ng4 27.axb6 Qf5 28.Qe2 Bb5 29.Qf3 Qh5
30.h3 Qxh3 31.Qh1 Qf1+ 32.Rxf1 Nh2 33.Kxh2 Bxf1 34.Qxf1 c4 35.Bd5  1-0

[Event "5th IECC"]
[Site "Antalya TUR"]
[Date "2004.05.15"]
[Round "1"]
[White "Hulak,K"]
[Black "Idrizaj,A"]
[Result "1-0"]
[WhiteElo "2550"]
[BlackElo "2249"]

1.d4 d5 2.c4 e6 3.Nf3 Nf6 4.g3 Be7 5.Bg2 O-O 6.O-O b6 7.Nc3 Bb7 8.Ne5 Nbd7
9.Qa4 Nb8 10.Rd1 Qe8 11.Qc2 Nc6 12.Nb5 Nb4 13.Qb1 Na6 14.Nc3 c6 15.e4 Rd8
16.Be3 Nc7 17.b4 Ba6 18.Qb3 Bd6 19.Bg5 Be7 20.a4 Bb7 21.b5 c5 22.dxc5 Bxc5
23.Bxf6 dxc4 24.Qxc4 gxf6 25.Ng4 Kh8 26.Nxf6 Qe7 27.e5 Bxg2 28.Qh4  1-0

[Event "TCh-SCG"]
[Site "Petrovac SCG"]
[Date "2004.05.16"]
[Round "1"]
[White "Tosic,M"]
[Black "Stevanovic,Vl"]
[Result "1-0"]
[WhiteElo "2475"]
[BlackElo "2376"]

1.d4 d5 2.c4 e6 3.Nf3 Nf6 4.g3 Be7 5.Bg2 O-O 6.O-O b6 7.cxd5 exd5 8.Nc3 Bb7
9.Bg5 Ne4 10.Bxe7 Qxe7 11.Rc1 Nd7 12.Re1 Rfd8 13.Nxe4 dxe4 14.Rxc7 exf3 15.exf3 Qd6
16.Rxb7 Nc5 17.Rbe7 Ne6 18.f4 Qxe7 19.Bxa8 Qb4 20.d5 Qxb2 21.Qa4 Qd2 22.Re5 Rxa8
23.dxe6 fxe6 24.Qc6 Qd8 25.Rxe6 h6 26.Rd6 Qf8 27.Rd7 Kh8 28.Qb7 Rd8 29.Rf7 Qa3
30.Rxg7 Rd1+ 31.Kg2 Qd3 32.Qf7 Qf1+ 33.Kf3 Rd3+ 34.Kg4 Rxg3+ 35.fxg3 Qe2+
36.Kh3  1-0

[Event "TCh-SCG"]
[Site "Petrovac SCG"]
[Date "2004.05.17"]
[Round "2"]
[White "Jovanovic,Zo1"]
[Black "Radivojevic,I"]
[Result "1-0"]
[WhiteElo "2360"]
[BlackElo "2249"]

1.d4 Nf6 2.c4 e6 3.g3 d5 4.Bg2 Be7 5.Nf3 O-O 6.O-O dxc4 7.Qc2 c6 8.Qxc4 Nbd7
9.Qc2 Qc7 10.Nc3 a6 11.b3 e5 12.Bb2 Bd6 13.Rac1 Re8 14.Qb1 Qb8 15.Rcd1 c5
16.e3 Ra7 17.Rd2 b5 18.dxc5 Nxc5 19.Ng5 g6 20.Nd5 Nxd5 21.Bxd5 Kg7 22.Qd1 f6
23.Ne4 Nxe4 24.Bxe4 Bb4 25.Rd3 Bh3 26.Bg2 Bxg2 27.Kxg2 Qb7+ 28.Kg1 Re7 29.Qg4 Bc5
30.Rfd1 h5 31.Qe2 Qe4 32.f3 Qf5 33.Rd5 Bb6 34.Kg2 Rad7 35.Rd6 Bc5 36.e4 Rxd6
37.exf5 Rxd1 38.Qxd1 gxf5 39.Qd5 Bd4 40.Qd8 Bc5 41.Qc8 Bb4 42.Qxf5 Rc7 43.Bxe5  1-0

[Event "5th IECC"]
[Site "Antalya TUR"]
[Date "2004.05.18"]
[Round "4"]
[White "Akesson,R"]
[Black "Erturan,Y"]
[Result "1-0"]
[WhiteElo "2476"]
[BlackElo "2273"]

1.d4 Nf6 2.c4 e6 3.g3 d5 4.Bg2 Be7 5.Nf3 O-O 6.O-O Nbd7 7.Qc2 dxc4 8.Qxc4 c5
9.Rd1 Nb6 10.Qb3 Bd7 11.Nc3 cxd4 12.Nxd4 e5 13.Nf5 Bc5 14.Be3 Bxe3 15.Nxe3 Qc7
16.Rac1 Rac8 17.a4 Be6 18.Qb5 Nbd7 19.a5 b6 20.axb6 axb6 21.Rc2 Qb8 22.Rcd2 Rc5
23.Qb4 Rfc8 24.Rd6 h6 25.h3 b5 26.Kh2 Kh7 27.Ne4 Rc1 28.Rxc1 Rxc1 29.Ra6 Nxe4
30.Bxe4+ g6 31.Rxe6 fxe6 32.Qe7+ Kh8 33.Qxd7 Qf8 34.Kg2  1-0

[Event "22nd LIE-Open"]
[Site "Triesen LIE"]
[Date "2004.05.18"]
[Round "5"]
[White "Kohlweyer,B"]
[Black "Saric,Iv"]
[Result "1/2-1/2"]
[WhiteElo "2406"]
[BlackElo "2177"]

1.d4 Nf6 2.c4 e6 3.Nf3 d5 4.g3 Be7 5.Bg2 O-O 6.Qc2 a6 7.Nbd2 dxc4 8.Nxc4 Nc6
9.e3 b5 10.Nce5 Nb4 11.Qe2 Bb7 12.a3 Nc6 13.Nd3 Na5 14.b4 Nc4 15.O-O a5 16.Bd2 Be4
17.bxa5 Nxa5 18.Bb4 Bxd3 19.Qxd3 c5 20.Bxa5 Rxa5 21.Ne5 c4 22.Qb1 Qc7 23.Nc6 Nd5
24.Nxa5 Qxa5 25.e4  1/2-1/2

[Event "TCh-SCG"]
[Site "Petrovac SCG"]
[Date "2004.05.19"]
[Round "4"]
[White "Lekic,D"]
[Black "Abramovic,B"]
[Result "1/2-1/2"]
[WhiteElo "2389"]
[BlackElo "2468"]

1.d4 d5 2.c4 e6 3.Nf3 Nf6 4.g3 Be7 5.Bg2 O-O 6.O-O b6 7.cxd5 exd5 8.Nc3 Bb7
9.Qc2 Na6 10.Rd1 Qc8 11.Bf4 Rd8 12.Rac1 c5 13.Be5 Ne4 14.dxc5 Nxc3 15.Bxc3 bxc5
16.e3 Qe6 17.Ne5 Rab8 18.Nd3 Bd6 19.b3 f6 20.Bb2 Qf7 21.Qd2 h6 22.Qa5 Bc7
23.Qa4 Bb6 24.Ba3 Rbc8 25.Nf4 Nb8 26.Qb5 g5 27.Nh3 Nd7 28.Bb2 Nf8 29.Qe2 Ne6
30.Qf3 f5 31.g4 fxg4 32.Qxg4 h5 33.Qe2 g4 34.Nf4 Nxf4 35.exf4 d4 36.Bxb7 Qxb7
37.Qe5 Qf7 38.Qg5+ Kh8 39.Re1 Re8 40.Ba3 Rxe1+ 41.Rxe1 Re8 42.Rxe8+ Qxe8
43.f5 Bd8 44.f6 Qe1+ 45.Kg2 Qe4+ 46.Kg1 Qe1+ 47.Kg2  1/2-1/2

[Event "22nd LIE-Open"]
[Site "Triesen LIE"]
[Date "2004.05.19"]
[Round "6"]
[White "Ferrari,J"]
[Black "Herold,H"]
[Result "1-0"]
[WhiteElo "2242"]
[BlackElo "2091"]

1.d4 Nf6 2.c4 e6 3.g3 d5 4.Nf3 Be7 5.Bg2 Nbd7 6.Nc3 O-O 7.b3 Bb4 8.Bd2 Bxc3
9.Bxc3 Ne4 10.Bb2 c6 11.O-O Ndf6 12.Qc2 Bd7 13.Ne5 Nd6 14.Rfd1 Qc7 15.Bc1 Bc8
16.Bf4 Qd8 17.Rac1 Nf5 18.Bg5 h6 19.Bxf6 Qxf6 20.e3 Rd8 21.c5 Bd7 22.b4 Be8
23.Qc3 Ne7 24.a4 Ng6 25.Nf3 Bd7 26.h4 a6 27.Re1 Re8 28.h5 Nf8 29.e4 dxe4
30.Rxe4 Nh7 31.Ne5 Qd8 32.Nc4 Nf6 33.Re5 Rf8 34.Nd6 Rb8 35.Qc4 Bc8 36.Qc3 Nd5
37.Bxd5 exd5 38.Rce1 b6 39.Re8 Qd7 40.Rxf8+ Kxf8 41.Re8+ Qxe8 42.Nxe8 Kxe8
43.cxb6 Bb7 44.Qf3 Rd8 45.Qf5 Rd7 46.Qh7  1-0

[Event "22nd LIE-Open"]
[Site "Triesen LIE"]
[Date "2004.05.21"]
[Round "8"]
[White "Ferrari,J"]
[Black "Isler,P"]
[Result "1-0"]
[WhiteElo "2242"]
[BlackElo "2071"]

1.d4 Nf6 2.c4 e6 3.g3 d5 4.Nf3 Be7 5.Bg2 O-O 6.O-O c6 7.Nc3 Nbd7 8.Qb3 b6
9.Bf4 Bb7 10.Nd2 Re8 11.e4 dxe4 12.Ndxe4 Nxe4 13.Nxe4 Nf6 14.Nc3 Qd7 15.Rad1 Red8
16.a4 Bd6 17.Be5 Qc7 18.Bxf6 gxf6 19.d5 Be7 20.dxe6 fxe6 21.c5 Rd5 22.Nxd5 cxd5
23.Rfe1 Kf7 24.cxb6 Qxb6 25.Qf3 Rg8 26.Rc1 Bc6 27.Qh5+ Rg6 28.Qxh7+ Rg7 29.Qh5+  1-0

[Event "4NCL"]
[Site "West Bromwich ENG"]
[Date "2004.05.23"]
[Round "11"]
[White "Quinn,M"]
[Black "Littlewood,P"]
[Result "0-1"]
[WhiteElo "2400"]
[BlackElo "2390"]

1.Nf3 Nf6 2.d4 d5 3.c4 e6 4.g3 Be7 5.Bg2 O-O 6.O-O dxc4 7.Qc2 a6 8.Qxc4 b5
9.Qc2 Bb7 10.Bg5 Nbd7 11.Rd1 Rc8 12.a4 c5 13.axb5 axb5 14.Qb3 cxd4 15.Rxd4 h6
16.Bd2 Qb6 17.e3 e5 18.Ba5 Qe6 19.Qxe6 Rc1+ 20.Ne1 fxe6 21.Bxb7 exd4 22.Bd2 Rc7
23.Bf3 Ne5 24.Be2 dxe3 25.Bxe3 Nc4 26.Bf4 e5 27.Bc1 Ne4 28.f3 Nc5 29.Nc3 Nb3
30.Nxb5 Rc5 31.Rb1 Rb8 32.Nc3 Nxc1 33.Rxc1 Nxb2 34.Na2 Ra8 35.Nc3 Rac8 36.Rb1 Rxc3
37.Rxb2 Rc1 38.Kf1 e4 39.Ba6 Bf6 40.Rb4 Ra8 41.Bb5 Bc3  0-1

[Event "57th ch-RUS Qualifier"]
[Site "Tomsk RUS"]
[Date "2004.05.28"]
[Round "6"]
[White "Lastin,A"]
[Black "Novikov,Ma"]
[Result "1-0"]
[WhiteElo "2622"]
[BlackElo "2426"]

1.d4 d5 2.c4 e6 3.Nf3 Nf6 4.g3 Be7 5.Bg2 O-O 6.O-O dxc4 7.Qc2 a6 8.Qxc4 b5
9.Qc2 Bb7 10.Bd2 Be4 11.Qc1 Bb7 12.Bf4 Nd5 13.Nc3 Nxf4 14.Qxf4 c5 15.dxc5 Bxc5
16.Rfd1 Qe7 17.Rac1 Ra7 18.a4 b4 19.Ne4 Bxe4 20.Qxe4 Rc7 21.e3 Rd8 22.h4 Rcd7
23.Re1 h6 24.Bf1 Bd6 25.Nd4 Qf6 26.Rc4 Bf8 27.Rec1 Rd5 28.Rc8 Rxc8 29.Rxc8 Nd7
30.Rc6 Nc5 31.Qxd5 exd5 32.Rxf6 gxf6 33.a5 Bd6 34.Nc6 Be5 35.Nxb4 Bxb2 36.Bxa6 Nb3
37.Bc4 Nxa5 38.Bxd5 f5 39.Nd3 Bc3 40.Kg2 Kg7 41.Kf3 Kf6 42.Kf4 Ba1 43.h5 Bc3
44.g4 fxg4 45.Kxg4 Ba1 46.f4 Bc3 47.e4 Ba1 48.e5+ Kg7 49.Nc5 Bc3 50.Ne4 Bd4
51.Nd6 Bc3 52.Nf5+ Kh7 53.Bxf7 Nc6 54.Bg6+  1-0

[Event "I Andbanc Quad"]
[Site "Andorra la Vella AND"]
[Date "2004.05.29"]
[Round "2"]
[White "Romero Holmes,A"]
[Black "Brittner,S"]
[Result "1/2-1/2"]
[WhiteElo "2531"]
[BlackElo "2258"]

1.d4 Nf6 2.c4 e6 3.g3 d5 4.Bg2 Be7 5.Nf3 O-O 6.O-O c6 7.Qc2 Nbd7 8.Nbd2 b6
9.e4 Bb7 10.e5 Ne8 11.b3 Rc8 12.Bb2 c5 13.Rad1 Rc7 14.dxc5 Nxc5 15.Nd4 a6
16.b4 Nd7 17.Qa4 Nb8 18.b5 a5 19.cxd5 Bxd5 20.Bxd5 Qxd5 21.Qb3 Qxb3 22.axb3 Rd7
23.Ne4 Rd5 24.f4 Nc7 25.Nc3 Rxd4 26.Rxd4 Bc5 27.Ne4 Bxd4+ 28.Bxd4 Nxb5 29.Bxb6 Nc6
30.Rc1 Ncd4 31.Rc5 Ra8 32.Nd2 h6 33.Rc4 Nf5 34.Ra4 Rb8 35.Nc4 Nc3 36.Rxa5 Nd5
37.Ra6 Nb4 38.Ra3 Ne7 39.Bc7 Rb7 40.Ra8+ Kh7 41.Rb8 Rxc7 42.Rxb4 Nc6 43.Ra4 Nd4
44.Nd2 Rd7 45.Ra2 g5 46.Kf2 Kg6 47.fxg5 hxg5 48.b4 Rb7 49.Rb2 Rb5 50.Nc4  1/2-1/2

[Event "TCh-BIH"]
[Site "Neum BIH"]
[Date "2004.05.29"]
[Round "1"]
[White "Markus,R"]
[Black "Ribli,Z"]
[Result "1/2-1/2"]
[WhiteElo "2532"]
[BlackElo "2595"]

1.d4 d5 2.c4 e6 3.Nf3 Nf6 4.g3 Be7 5.Bg2 O-O 6.O-O dxc4 7.Qc2 a6 8.a4 Bd7
9.Qxc4 Bc6 10.Bf4 a5 11.Nc3 Na6 12.Rac1 Nb4 13.Bg5 Rc8 14.Rfd1 Bd5 15.Nxd5 exd5
16.Qb5 c6 17.Qxb7 Rb8 18.Qa7 Ra8 19.Qb7  1/2-1/2

[Event "Mitropa Cup"]
[Site "Zemplinska Sirava SVK"]
[Date "2004.05.30"]
[Round "2"]
[White "Seel,C"]
[Black "Libiszewski,F"]
[Result "1/2-1/2"]
[WhiteElo "2433"]
[BlackElo "2441"]

1.Nf3 Nf6 2.c4 e6 3.g3 d5 4.d4 Be7 5.Bg2 O-O 6.O-O dxc4 7.Qc2 a6 8.Qxc4 b5
9.Qc2 Bb7 10.Bd2 Ra7 11.Rd1 Qc8 12.Bg5 c5 13.Bxf6 Bxf6 14.dxc5 Nd7 15.Nc3 Nxc5
16.Rac1 Qa8 17.Ne1  1/2-1/2

[Event "TCh-BIH"]
[Site "Neum BIH"]
[Date "2004.06.02"]
[Round "5"]
[White "Kozul,Z"]
[Black "Lekic,D"]
[Result "1-0"]
[WhiteElo "2627"]
[BlackElo "2389"]

1.d4 Nf6 2.c4 e6 3.Nf3 d5 4.g3 Be7 5.Bg2 O-O 6.O-O dxc4 7.Qc2 a6 8.a4 Bd7
9.Qxc4 Bc6 10.Bf4 Nd5 11.Bd2 Bb5 12.axb5 axb5 13.Qxd5 Qxd5 14.Rxa8 Nc6 15.Rxf8+ Bxf8
16.e3 Qb3 17.Bc1 Na5 18.Nfd2 Qb4 19.Nc3 c6 20.Bf3 f5 21.h4 g6 22.Bd1 Nc4
23.Nxc4 bxc4 24.Bf3 Bd6 25.e4 e5 26.dxe5 Bxe5 27.exf5 Bxc3 28.bxc3 Qxc3 29.Be3 Qf6
30.Re1 Qxf5 31.Bh6 Kf7 32.Kg2 c3 33.Be4 Qe6 34.Re3 Qc4 35.Bd3 Qc5 36.Bc2 Qc4
37.Bg5 h5 38.Re7+ Kf8 39.Rh7 b5 40.Bxg6 c2 41.Bh6+ Kg8 42.Rd7  1-0

[Event "TCh-BIH"]
[Site "Neum BIH"]
[Date "2004.06.04"]
[Round "7"]
[White "Bistric,F"]
[Black "Drasko,M"]
[Result "1/2-1/2"]
[WhiteElo "2488"]
[BlackElo "2464"]

1.d4 e6 2.g3 d5 3.Bg2 Nf6 4.Nf3 Be7 5.c4 O-O 6.O-O Nbd7 7.Qc2 c6 8.Bf4 Nh5
9.Bd2 Nhf6 10.Bf4 Nh5 11.Bd2  1/2-1/2

[Event "1st Asean GM"]
[Site "Bangkok THA"]
[Date "2004.06.07"]
[Round "5"]
[White "Villamayor,B"]
[Black "Aung Thant Zin"]
[Result "1-0"]
[WhiteElo "2469"]
[BlackElo "2466"]

1.Nf3 d5 2.c4 e6 3.d4 Nf6 4.g3 Be7 5.Bg2 O-O 6.O-O dxc4 7.Qc2 a6 8.Qxc4 b5
9.Qc2 Bb7 10.Bg5 Nbd7 11.Bxf6 Nxf6 12.Nbd2 Rc8 13.Nb3 Be4 14.Qc3 b4 15.Qc4 a5
16.Rfc1 Bd5 17.Qb5 c6 18.Qxa5 Bxb3 19.Qxd8 Rfxd8 20.axb3 c5 21.e3 Nd7 22.Ra7 Bf8
23.d5 Ra8 24.Rxa8 Rxa8 25.dxe6 fxe6 26.Ng5 Ra2 27.Bh3 Ne5 28.Bxe6+ Kh8 29.f4 h6
30.Ne4 Ng6 31.Nxc5 Ra8 32.Nd7 Be7 33.e4 Nf8 34.Nxf8 Bxf8 35.Kg2 Bd6 36.Rc6 Rd8
37.Kf3 g5 38.e5 Bf8 39.Ke4  1-0

[Event "CCA/ICC"]
[Site "Stratton Mt USA"]
[Date "2004.06.08"]
[Round "1"]
[White "Perelshteyn,E"]
[Black "Pupols,V"]
[Result "1-0"]
[WhiteElo "2500"]
[BlackElo "2233"]

1.d4 d5 2.c4 e6 3.Nf3 Nf6 4.g3 Be7 5.Bg2 O-O 6.O-O dxc4 7.Qa4 a6 8.Qxc4 b5
9.Qc2 Bb7 10.Bg5 Nbd7 11.Rd1 Rc8 12.Nc3 h6 13.Bxf6 Nxf6 14.a3 c6 15.Ne5 Qb6
16.Ne4 Rfd8 17.Nc5 Rxd4 18.Rxd4 Bxc5 19.Rf4 Bd6 20.Rxf6 Bxe5 21.Rf3 c5 22.Rd3 c4
23.Bxb7 Qxb7 24.Rf3 a5 25.Rd1 b4 26.axb4 axb4 27.b3 cxb3 28.Qxb3 Bc3 29.Rfd3 g6
30.Rd7 Qe4 31.Rd8+ Rxd8 32.Rxd8+ Kg7 33.Qd1 h5 34.h4 Bf6 35.Rd7 Bc3 36.e3  1-0

[Event "II Gyorgy Marx Mem IM"]
[Site "Paks HUN"]
[Date "2004.06.12"]
[Round "8"]
[White "Pap,G"]
[Black "Sebestyen,Ba"]
[Result "1/2-1/2"]
[WhiteElo "2323"]
[BlackElo "2286"]

1.Nf3 Nf6 2.c4 e6 3.g3 d5 4.Bg2 Be7 5.d4 c6 6.Qc2 Nbd7 7.O-O O-O 8.Nbd2 b6
9.e4 dxe4 10.Nxe4 Bb7 11.Rd1 Qc8 12.Nxf6+ Nxf6 13.b3 c5 14.Bb2 Rd8 15.dxc5 Qxc5
16.Ne5 Bxg2 17.Kxg2 Nd7 18.Qe4 Nxe5 19.Bxe5 Rac8  1/2-1/2

[Event "8th Open"]
[Site "Voronezh RUS"]
[Date "2004.06.16"]
[Round "5"]
[White "Khmelnitski,A"]
[Black "Ismagambetov,A2"]
[Result "1-0"]
[WhiteElo "2492"]
[BlackElo "2244"]

1.d4 Nf6 2.c4 e6 3.g3 d5 4.Nf3 Be7 5.Bg2 O-O 6.O-O dxc4 7.Qc2 a6 8.a4 Bd7
9.Qxc4 Bc6 10.Bg5 Bd5 11.Qd3 Be4 12.Qd1 Nbd7 13.Nc3 Bg6 14.Nh4 c6 15.Nxg6 hxg6
16.Qb3 Qb6 17.Qxb6 Nxb6 18.e4 a5 19.b3 Rfd8 20.Rfd1 Kf8 21.h3 Rdc8 22.Be3 Nbd7
23.Rac1 Nb8 24.g4 Na6 25.f4 Rab8 26.Ne2 Nb4 27.Ng3 b5 28.g5 Nd7 29.f5 bxa4
30.fxe6 fxe6 31.bxa4 Nb6 32.h4 Re8 33.Bf4 Rb7 34.Bh3 Nxa4 35.Bxe6 Rd8 36.h5 gxh5
37.Rf1 Ke8 38.Nxh5 Rxd4 39.Nxg7+ Kd8 40.Bf5 Rd3 41.Ne6+ Ke8 42.g6 Bf8 43.Be5 Rdd7  1-0

[Event "National Open"]
[Site "Las Vegas USA"]
[Date "2004.06.18"]
[Round "1"]
[White "Fridman,D2"]
[Black "Salman,J"]
[Result "1-0"]
[WhiteElo "2594"]
[BlackElo "2227"]

1.Nf3 Nf6 2.c4 e6 3.g3 d5 4.d4 Be7 5.Bg2 O-O 6.O-O dxc4 7.Qc2 a6 8.a4 Nc6
9.Qxc4 Nb4 10.Bg5 a5 11.Nc3 c6 12.Ne5 Bd7 13.e4 h6 14.Bf4 Qc8 15.Rfd1 Rd8
16.Rac1 Be8 17.Qe2 Bf8 18.h4 b6 19.Qf3 Qb7 20.Bxh6 Rac8 21.Bg5 Be7 22.Nc4 Qa7
23.e5 Nfd5 24.Ne4 c5 25.Ncd6 Rc7 26.dxc5 bxc5 27.Qg4 Bxa4 28.Nf6+ Kf8 29.Rxd5 Nxd5
30.Nxd5 exd5 31.Qxa4 Bxg5 32.hxg5 d4 33.Nb5  1-0

[Event "Masters"]
[Site "Grenoble FRA"]
[Date "2004.06.19"]
[Round "1"]
[White "Verat,L"]
[Black "Bardel,S"]
[Result "0-1"]
[WhiteElo "2319"]
[BlackElo "2278"]

1.d4 Nf6 2.c4 e6 3.g3 d5 4.Bg2 Be7 5.Nf3 O-O 6.O-O Nbd7 7.Qc2 c6 8.b3 b6
9.Rd1 Ba6 10.Nc3 b5 11.c5 b4 12.Na4 Bb5 13.Nb2 Ne4 14.Nd3 a5 15.Bb2 Qc7 16.Nfe1 f5
17.Nf4 Rf6 18.f3 g5 19.Nh5 Rh6 20.fxe4 fxe4 21.g4 Rf8 22.Qd2 Nf6 23.Qxg5+ Rg6
24.Nxf6+ Bxf6 25.Qd2 Bg5 26.e3 Rh6 27.h3 Qg3 28.Nc2 Rxh3  0-1

[Event "TCh-CRO"]
[Site "Rabac CRO"]
[Date "2004.06.22"]
[Round "2"]
[White "Petrov,J"]
[Black "Dizdar,G"]
[Result "1/2-1/2"]
[WhiteElo "2432"]
[BlackElo "2531"]

1.Nf3 d5 2.c4 e6 3.g3 Nf6 4.Bg2 Be7 5.d4 O-O 6.O-O c6 7.Qc2 b6 8.b3 Nbd7
9.Rd1 Ba6 10.Nbd2 c5 11.e4 dxc4 12.Nxc4 cxd4 13.Nxd4 Rc8 14.a4 Bxc4 15.bxc4 Qc7
16.e5 Nxe5 17.Bf4 Qxc4 18.Qxc4 Nxc4 19.Nc6 Bc5 20.Rac1 Nb2 21.Rd2 Nd5 22.Bxd5 exd5
23.Rxc5 bxc5 24.Ne7+ Kh8 25.Nxc8 Nc4 26.Rxd5 Rxc8 27.Rd7 a5 28.Rxf7 Kg8 29.Ra7 Rd8
30.Kf1 Rd3 31.Rc7 Ra3 32.Rxc5 Rxa4 33.Bc7 Rb4 34.Bxa5 Nxa5 35.Rxa5 Kf7 36.Kg2 h6
37.h4 Rc4 38.h5 Rb4 39.f4 Rb3 40.Kf2 Rc3 41.Rf5+ Kg8 42.Re5 Kf7 43.Rf5+ Kg8
44.Kg2 Ra3 45.Kh3 Rb3 46.Kh4 Ra3 47.Rb5 Rc3 48.Rb6 Ra3 49.Rg6 Rb3 50.f5 Kh7
51.f6 gxf6 52.Rxf6 Rb7 53.Kg4 Ra7 54.Re6 Rg7+ 55.Kf4 Rf7+ 56.Ke3 Rg7 57.Kf3 Rf7+
58.Kg2 Ra7 59.Rf6 Rb7 60.g4 Rb3 61.Rf7+ Kg8 62.Rf3 Rxf3 63.Kxf3 Kf7 64.Ke4 Ke6  1/2-1/2

[Event "TCh-CRO"]
[Site "Rabac CRO"]
[Date "2004.06.22"]
[Round "3"]
[White "Cvitan,O"]
[Black "Zelcic,R"]
[Result "1/2-1/2"]
[WhiteElo "2524"]
[BlackElo "2509"]

1.d4 Nf6 2.c4 e6 3.Nf3 d5 4.g3 Be7 5.Bg2 O-O 6.O-O dxc4 7.Qc2 a6 8.Qxc4 b5
9.Qc2 Bb7 10.Bg5 Nbd7 11.Bxf6 Nxf6 12.Nbd2 Rc8 13.Nb3 c5 14.dxc5 Be4 15.Qc3 Nd5
16.Qd2 Bxc5 17.Nxc5 Rxc5 18.Rfc1 Rxc1+ 19.Rxc1  1/2-1/2

[Event "TCh-CRO"]
[Site "Rabac CRO"]
[Date "2004.06.23"]
[Round "4"]
[White "Petrov,J"]
[Black "Brumen,D"]
[Result "1/2-1/2"]
[WhiteElo "2432"]
[BlackElo "2396"]

1.Nf3 d5 2.c4 e6 3.g3 Nf6 4.Bg2 Be7 5.d4 O-O 6.O-O dxc4 7.Qc2 a6 8.a4 Bd7
9.Qxc4 Bc6 10.Bf4 Nbd7 11.Nc3 Nb6 12.Qb3 Nbd5 13.Rfd1 a5 14.Ne5 Nxc3 15.bxc3 Bxg2
16.Kxg2 Qd5+ 17.Qxd5 Nxd5 18.Rdc1 Rfd8 19.Nc4 c5 20.Rab1 cxd4 21.cxd4 Bb4
22.Bd2 f5 23.e3 Ra6 24.Be1 g5 25.Ne5 Rb6 26.Nc4 Ra6 27.Ne5 Rb6  1/2-1/2

[Event "32nd World Open"]
[Site "Philadelphia USA"]
[Date "2004.07.03"]
[Round "4"]
[White "Benen,S"]
[Black "Dunne,A"]
[Result "1/2-1/2"]
[WhiteElo "2323"]
[BlackElo "2198"]

1.d4 Nf6 2.Nf3 d5 3.c4 e6 4.g3 Be7 5.Bg2 O-O 6.O-O Nbd7 7.Qc2 dxc4 8.Qxc4 c5
9.Rd1 Qb6 10.Nc3 cxd4 11.Nxd4 Ne5 12.Qb3 Qxb3 13.axb3 Rd8 14.Bf4 Ng6 15.Nc6 Rxd1+
16.Rxd1 bxc6 17.Bxc6 Nxf4 18.Bxa8 N4d5 19.Rc1 Nb6 20.Na4 Bd7 21.Rc7 Nxa4
22.Bc6 Bd6  1/2-1/2

[Event "GM"]
[Site "Brno CZE"]
[Date "2004.07.08"]
[Round "8"]
[White "Lagowski,P"]
[Black "Petrik,T"]
[Result "1/2-1/2"]
[WhiteElo "2415"]
[BlackElo "2457"]

1.d4 Nf6 2.c4 e6 3.g3 d5 4.Bg2 Be7 5.Nf3 O-O 6.O-O dxc4 7.Ne5 Nc6 8.Nxc6 bxc6
9.e3 Nd5 10.Qa4 Nb6 11.Qc2 Rb8 12.Rd1 Ba6 13.b3 Qe8 14.Ba3 Bd6 15.Bc5 e5
16.Nd2 Qe7 17.Bxb6 cxb3 18.axb3 Rxb6 19.Bxc6 exd4 20.exd4 Bb4 21.Bf3 g6 22.Ne4 Rd8
23.Nc5 Bxc5 24.dxc5 Rxd1+ 25.Rxd1 Re6 26.Qc3 Be2 27.Bxe2 Rxe2 28.Qd4 Rc2
29.b4 Qe2 30.Qd8+ Kg7 31.Qd4+ Kg8 32.Qd8+  1/2-1/2

[Event "15th Open"]
[Site "Ljubjana SLO"]
[Date "2004.07.11"]
[Round "3"]
[White "Sebenik,M"]
[Black "Tavcar,R"]
[Result "1-0"]
[WhiteElo "2426"]
[BlackElo "2102"]

1.d4 d5 2.Nf3 Nf6 3.c4 e6 4.g3 Be7 5.Bg2 O-O 6.O-O b6 7.Nc3 Bb7 8.Ne5 Nbd7
9.Qa4 Nxe5 10.dxe5 Ne4 11.cxd5 Nxc3 12.bxc3 exd5 13.c4 c6 14.Rd1 Qc7 15.Bf4 g5
16.cxd5 cxd5 17.Rac1 Bc5 18.Bxg5 Qxe5 19.Bh6 Rfd8 20.Qg4+ Kh8 21.Bd2 Qg7
22.Qh4 Kg8 23.Bc3 Qg6 24.Bf6 Rdc8 25.Bxd5 Bxf2+ 26.Kxf2 Rxc1 27.Bxb7 Qf5+
28.Qf4 Qxf4+ 29.gxf4 Rxd1 30.Bxa8 Rd2 31.a3 Ra2 32.Be7 Kg7 33.Bb7 f5 34.Ba6 Kg6
35.Bd3 Rb2 36.Ke3 b5 37.Kd4 a5 38.Kc3 Ra2 39.Bxb5 Kh5 40.h3 Ra1 41.Be8+  1-0

[Event "Canadian Open"]
[Site "Kapuskasing CAN"]
[Date "2004.07.16"]
[Round "8"]
[White "Kunte,A"]
[Black "Lapshun,Y"]
[Result "1-0"]
[WhiteElo "2532"]
[BlackElo "2444"]

1.d4 Nf6 2.c4 e6 3.g3 d5 4.Nf3 Be7 5.Bg2 O-O 6.O-O c6 7.Qc2 Nbd7 8.b3 b6
9.Rd1 Ba6 10.Nbd2 c5 11.e4 dxc4 12.Nxc4 cxd4 13.e5 Nd5 14.Nxd4 Rc8 15.Qb2 Bxc4
16.bxc4 Rxc4 17.Bxd5 exd5 18.Nf5 Bb4 19.Rxd5 Qc7 20.Rb1 Bc3 21.Qe2 Nxe5 22.Ba3 Re8
23.Nd6 Qd7 24.Rxe5 Bxe5 25.Qxc4 Bxd6 26.Qd3 Qe6 27.Qxd6 Qxa2 28.Rd1 h6 29.Qd7 Qe2
30.Bb2 a5 31.Qd4 f6 32.Bc3 Qc2 33.Rd3 a4 34.Qd7 Qe2 35.Qxa4 Qxd3 36.Qxe8+ Kh7
37.Qe3 Qb1+ 38.Kg2 b5 39.Qd4 Qc2 40.g4 Kh8 41.h4 Kh7 42.Bd2 Qb1 43.h5 Qc2
44.Qd5 Kh8 45.Kf3 Qd1+ 46.Kf4 Qa4+ 47.Qe4 Qb3 48.Qe8+ Kh7 49.Qe3 Qd1 50.Qd3+ Kh8
51.Kf5 b4 52.f3 Qa4 53.Qc4  1-0

[Event "Canadian Open"]
[Site "Kapuskasing CAN"]
[Date "2004.07.17"]
[Round "9"]
[White "Mikhalevski,V"]
[Black "Goletiani,R"]
[Result "1-0"]
[WhiteElo "2551"]
[BlackElo "2334"]

1.d4 Nf6 2.c4 e6 3.g3 d5 4.Bg2 Be7 5.Nf3 O-O 6.Qc2 dxc4 7.Nbd2 c5 8.dxc5 Bxc5
9.O-O Nc6 10.Nxc4 Qe7 11.Nfe5 Nxe5 12.Nxe5 Qc7 13.Be3 Qxe5 14.Qxc5 Qxb2 15.Bf3 Nd7
16.Qh5 Qe5 17.Qh4 Qa5 18.Rfd1 Ne5 19.Be4 Ng6 20.Qh3 f5 21.Qh5 Qa6 22.Bg2 e5
23.Bc5 Re8 24.Rd6 Qa5 25.Bd5+ Kh8 26.Rxg6 Qxc5 27.Rxg7 Kxg7 28.Qg5+  1-0

[Event "Quebec Open"]
[Site "Montreal CAN"]
[Date "2004.07.19"]
[Round "3"]
[White "Roussel Roozmon,T"]
[Black "McDonough,J"]
[Result "1-0"]
[WhiteElo "2451"]
[BlackElo "2184"]

1.d4 e6 2.c4 d5 3.Nf3 Be7 4.g3 Nf6 5.Bg2 O-O 6.O-O dxc4 7.Qc2 c5 8.dxc5 Qc7
9.Na3 Nbd7 10.Nxc4 Nd5 11.a3 Qxc5 12.b4 Qc7 13.Qb3 Bf6 14.Ra2 N7b6 15.Rc2 Nxc4
16.Rxc4 Qe7 17.e4 Nb6 18.e5 Nxc4 19.Qxc4 Bd7 20.Qb3 Bc6 21.exf6 Qxf6 22.Bg5 Qf5
23.h4 Bd5 24.Qe3 Qe4 25.Qd2 f6 26.Be3 Rfd8 27.Rc1 Qg6 28.Qe2 Qf7 29.a4 Rdc8
30.Rxc8+ Rxc8 31.a5 a6 32.Bc5 Qd7 33.Bh3 Re8 34.h5 Qa4 35.h6 Qb3 36.Nd2 Qc2
37.hxg7 Kxg7 38.Qg4+ Qg6 39.Qf4 Qh5 40.Bg2 Bxg2 41.Kxg2 Qd5+ 42.Kg1 Qh5 43.Ne4 Qd1+
44.Kg2 Qd8 45.Qg4+ Kh8 46.Qh4 Kg7 47.Be3 h5 48.Bb6 Qe7 49.Qxh5 f5 50.Ng5  1-0

[Event "MTO"]
[Site "Biel SUI"]
[Date "2004.07.23"]
[Round "5"]
[White "Rashkovsky,N"]
[Black "Huss,A"]
[Result "1-0"]
[WhiteElo "2511"]
[BlackElo "2334"]

1.Nf3 Nf6 2.c4 e6 3.g3 d5 4.d4 Be7 5.Bg2 O-O 6.O-O c6 7.Qc2 b6 8.Rd1 Bb7
9.Nc3 Nbd7 10.e4 Rc8 11.e5 Ne8 12.cxd5 cxd5 13.Qe2 Nc7 14.h4 Ba6 15.Qe1 b5
16.Bg5 b4 17.Ne2 Bxe2 18.Qxe2 h6 19.Be3 Nb6 20.Nd2 Qd7 21.Bf1 a6 22.Qg4 Kh8
23.Bd3 Ne8 24.Qh5 Kg8 25.g4 Qd8 26.Rac1 Rxc1 27.Rxc1 Na4 28.Rc2 Qa8 29.Nf3 Nb6
30.g5 f5 31.gxf6  1-0

[Event "Politiken Cup"]
[Site "Copenhagen DEN"]
[Date "2004.07.24"]
[Round "1"]
[White "Holst,A"]
[Black "Rosenkilde,A"]
[Result "1-0"]
[WhiteElo "2358"]
[BlackElo "1989"]

1.d4 Nf6 2.Nf3 e6 3.g3 d5 4.c4 Be7 5.Bg2 O-O 6.O-O Nbd7 7.Qc2 c6 8.Rd1 Re8
9.Nbd2 Nf8 10.e4 dxe4 11.Nxe4 Ng6 12.h4 b6 13.Ne5 Nxe4 14.Nxc6 Qc7 15.Qxe4 Bb7
16.h5 Nf8 17.h6 Ng6 18.Nxe7+ Rxe7 19.Qxb7 Qxb7 20.Bxb7 Rxb7 21.Bg5 b5 22.c5 f6
23.Be3 Rd8 24.Kg2 Ne7 25.hxg7 Rbd7 26.Rh1 Nf5 27.Rae1 Rxg7 28.Kf3 Kf7 29.Rd1 Kg6
30.g4 Ne7 31.Rh6+ Kf7 32.Rdh1 Nc6 33.Rxh7 Nxd4+ 34.Bxd4 Rxd4 35.Rxg7+ Kxg7
36.Rc1 Kf7 37.c6 Rd8 38.Ke4 Ke7 39.f4 Rc8 40.g5 Rc7 41.gxf6+ Kxf6 42.Kd4 b4
43.Kc5  1-0